Fifteenth Century Prose and Verse (Record no. 260106)
[ view plain ]
| 000 -LEADER | |
|---|---|
| fixed length control field | 01625cam a22002653a 4500 |
| 001 - CONTROL NUMBER | |
| control field | 30851 |
| 003 - CONTROL NUMBER IDENTIFIER | |
| control field | PGUSA |
| 005 - DATE AND TIME OF LATEST TRANSACTION | |
| control field | 20140828083652.0 |
| 008 - FIXED-LENGTH DATA ELEMENTS--GENERAL INFORMATION | |
| fixed length control field | 100104s2010||||xxu|||||s|||||000 | eng d |
| 040 ## - CATALOGING SOURCE | |
| Original cataloging agency | PGUSA |
| Language of cataloging | eng |
| 042 ## - AUTHENTICATION CODE | |
| Authentication code | dc |
| 050 #4 - LIBRARY OF CONGRESS CALL NUMBER | |
| Classification number | PR |
| 245 10 - TITLE STATEMENT | |
| Title | Fifteenth Century Prose and Verse |
| Medium | [electronic resource] |
| 260 ## - PUBLICATION, DISTRIBUTION, ETC. (IMPRINT) | |
| Name of publisher, distributor, etc | Project Gutenberg, |
| Date of publication, distribution, etc | 2010 |
| 505 0# - FORMATTED CONTENTS NOTE | |
| Formatted contents note | The siege of Harfleur and the Battle of Agincourt / [by J. Lydgate?] -- The letter of Cupid / by T. Occleve -- A little geste of Robin Hood and his meiny and of the proud sheriff of Nottingham -- English carols, from a manuscript at Balliot College, Oxford -- The examination of Master William Thorpe, priest, of heresy, before Thomas Arundell, Archbishop of Canterbury, 1407 -- The examination of Sir John Oldcastle -- On translating the Bible: chapter XV of the prologue to the second recension of the Wycliffite version -- Dialogue between a lord and a clerk upon translation / by J. Trevisa -- Prefaces and epilogues / by W. Caxton -- A miracle play of the nativity: the pageant of the shearmen and tailors -- Everyman: a moral play -- Pleadings in Rastell v. Walton: a theatrical lawsuit, temp. Henry VIII. |
| 506 ## - RESTRICTIONS ON ACCESS NOTE | |
| Terms governing access | Public domain in the USA. |
| 516 ## - TYPE OF COMPUTER FILE OR DATA NOTE | |
| Type of computer file or data note | Electronic text |
| 653 ## - INDEX TERM--UNCONTROLLED | |
| Uncontrolled term | English literature -- Middle English, 1100-1500 |
| 653 ## - INDEX TERM--UNCONTROLLED | |
| Uncontrolled term | Great Britain -- Social life and customs -- 1066-1485 -- Sources |
| 700 1# - ADDED ENTRY--PERSONAL NAME | |
| Personal name | Pollard, Alfred W. |
| Fuller form of name | (Alfred William), |
| Dates associated with a name | 1859-1944 |
| 740 0# - ADDED ENTRY--UNCONTROLLED RELATED/ANALYTICAL TITLE | |
| Uncontrolled related/analytical title | 15th Century Prose and Verse |
| 830 #0 - SERIES ADDED ENTRY--UNIFORM TITLE | |
| Uniform title | Project Gutenberg |
| Volume number/sequential designation | 30851 |
| 856 40 - ELECTRONIC LOCATION AND ACCESS | |
| Uniform Resource Identifier | <a href="http://www.gutenberg.org/ebooks/30851">http://www.gutenberg.org/ebooks/30851</a> |
| 942 ## - ADDED ENTRY ELEMENTS (KOHA) | |
| Koha item type | eBooks |
| Withdrawn status | Lost status | Damaged status | Home library | Current library | Date acquired | Total Checkouts | Date last seen | Price effective from | Koha item type |
|---|---|---|---|---|---|---|---|---|---|
| Project Gutenberg | Project Gutenberg | 08/28/2014 | 08/28/2014 | 08/28/2014 | eBooks |